<?xml version="1.0" encoding="UTF-8"?>
<record
    xmlns:xsi="http://www.w3.org/2001/XMLSchema-instance"
    xsi:schemaLocation="http://www.loc.gov/MARC21/slim http://www.loc.gov/standards/marcxml/schema/MARC21slim.xsd"
    xmlns="http://www.loc.gov/MARC21/slim">

  <leader>02657cam a2200553 i 4500</leader>
  <controlfield tag="001">xx004931681</controlfield>
  <controlfield tag="003">NUKAT</controlfield>
  <controlfield tag="005">20260427115901.0</controlfield>
  <controlfield tag="008">200826s2020    pl           |001 0dpol c</controlfield>
  <datafield tag="020" ind1=" " ind2=" ">
    <subfield code="a">9788380989382</subfield>
    <subfield code="q">(oprawa twarda) :</subfield>
    <subfield code="c">z&#x142; 40,00</subfield>
  </datafield>
  <datafield tag="035" ind1=" " ind2=" ">
    <subfield code="a">(OCoLC)1192548329</subfield>
  </datafield>
  <datafield tag="035" ind1=" " ind2=" ">
    <subfield code="a">(NUKAT)xx004931681</subfield>
  </datafield>
  <datafield tag="040" ind1=" " ind2=" ">
    <subfield code="a">KAT U/DL</subfield>
    <subfield code="b">pol</subfield>
    <subfield code="e">rda</subfield>
    <subfield code="c">KAT U/DLs</subfield>
    <subfield code="d">KAT U/MP</subfield>
    <subfield code="d">SZCZ U/MC</subfield>
    <subfield code="d">WA 14/MBs</subfield>
    <subfield code="d">OLSZT 008/bak</subfield>
  </datafield>
  <datafield tag="045" ind1="2" ind2=" ">
    <subfield code="b">d1939</subfield>
    <subfield code="b">d1950</subfield>
  </datafield>
  <datafield tag="046" ind1=" " ind2=" ">
    <subfield code="k">2020</subfield>
  </datafield>
  <datafield tag="100" ind1="1" ind2=" ">
    <subfield code="a">Giero&#x144;, Roman</subfield>
    <subfield code="d">(1986- ).</subfield>
    <subfield code="e">Autor</subfield>
    <subfield code="9">40638</subfield>
  </datafield>
  <datafield tag="245" ind1="1" ind2="0">
    <subfield code="a">P&#xF3;&#x142;mrok :</subfield>
    <subfield code="b">procesy karne w sprawie przest&#x119;pstw okupacyjnych pope&#x142;nianych przez ch&#x142;op&#xF3;w wobec &#x17B;yd&#xF3;w w wojew&#xF3;dztwie krakowskim /</subfield>
    <subfield code="c">Roman Giero&#x144; ; Instytut Pami&#x119;ci Narodowej. Komisja &#x15A;cigania Zbrodni przeciwko Narodowi Polskiemu. Oddzia&#x142; w Krakowie.</subfield>
  </datafield>
  <datafield tag="246" ind1="3" ind2="0">
    <subfield code="a">Procesy karne w sprawie przest&#x119;pstw okupacyjnych pope&#x142;nianych przez ch&#x142;op&#xF3;w wobec &#x17B;yd&#xF3;w w wojew&#xF3;dztwie krakowskim</subfield>
  </datafield>
  <datafield tag="260" ind1=" " ind2=" ">
    <subfield code="a">Krak&#xF3;w :</subfield>
    <subfield code="b">Instytut Pami&#x119;ci Narodowej. Komisja &#x15A;cigania Zbrodni przeciwko Narodowi Polskiemu. Oddzia&#x142; w Krakowie,</subfield>
    <subfield code="c">2020.</subfield>
  </datafield>
  <datafield tag="300" ind1=" " ind2=" ">
    <subfield code="a">374, [1] strona ;</subfield>
    <subfield code="c">25 cm.</subfield>
  </datafield>
  <datafield tag="336" ind1=" " ind2=" ">
    <subfield code="a">Tekst</subfield>
    <subfield code="b">txt</subfield>
    <subfield code="2">rdacontent</subfield>
  </datafield>
  <datafield tag="337" ind1=" " ind2=" ">
    <subfield code="a">Bez urz&#x105;dzenia po&#x15B;rednicz&#x105;cego</subfield>
    <subfield code="b">n</subfield>
    <subfield code="2">rdamedia</subfield>
  </datafield>
  <datafield tag="338" ind1=" " ind2=" ">
    <subfield code="a">Wolumin</subfield>
    <subfield code="b">nc</subfield>
    <subfield code="2">rdacarrier</subfield>
  </datafield>
  <datafield tag="380" ind1=" " ind2=" ">
    <subfield code="a">Ksi&#x105;&#x17C;ki</subfield>
  </datafield>
  <datafield tag="380" ind1=" " ind2=" ">
    <subfield code="a">Publikacje naukowe</subfield>
  </datafield>
  <datafield tag="388" ind1="1" ind2=" ">
    <subfield code="a">2001-</subfield>
  </datafield>
  <datafield tag="490" ind1="1" ind2=" ">
    <subfield code="a">Centralny Projekt Badawczy IPN Dzieje &#x17B;yd&#xF3;w w Polsce oraz Relacje Polsko-&#x17B;ydowskie w Latach 1914-1989</subfield>
  </datafield>
  <datafield tag="504" ind1=" " ind2=" ">
    <subfield code="a">Bibliografia na stronach 337-368. Indeks.</subfield>
  </datafield>
  <datafield tag="648" ind1=" " ind2="7">
    <subfield code="a">1901-2000</subfield>
    <subfield code="2">DBN</subfield>
    <subfield code="9">34996</subfield>
  </datafield>
  <datafield tag="648" ind1=" " ind2="7">
    <subfield code="a">1939-1945</subfield>
    <subfield code="2">DBN</subfield>
    <subfield code="9">36042</subfield>
  </datafield>
  <datafield tag="648" ind1=" " ind2="7">
    <subfield code="a">1945-1989</subfield>
    <subfield code="2">DBN</subfield>
    <subfield code="9">36043</subfield>
  </datafield>
  <datafield tag="650" ind1=" " ind2="7">
    <subfield code="a">Ch&#x142;opi</subfield>
    <subfield code="2">DBN</subfield>
    <subfield code="9">36401</subfield>
  </datafield>
  <datafield tag="650" ind1=" " ind2="7">
    <subfield code="a">Holokaust</subfield>
    <subfield code="2">DBN</subfield>
    <subfield code="9">37427</subfield>
  </datafield>
  <datafield tag="650" ind1=" " ind2="7">
    <subfield code="a">Okupacja niemiecka Polski (1939-1945)</subfield>
    <subfield code="2">DBN</subfield>
    <subfield code="9">36756</subfield>
  </datafield>
  <datafield tag="650" ind1=" " ind2="7">
    <subfield code="a">Procesy s&#x105;dowe</subfield>
    <subfield code="2">DBN</subfield>
    <subfield code="9">40639</subfield>
  </datafield>
  <datafield tag="650" ind1=" " ind2="7">
    <subfield code="a">Ukrywanie si&#x119; &#x17B;yd&#xF3;w (1939-1945)</subfield>
    <subfield code="2">DBN</subfield>
    <subfield code="9">40640</subfield>
  </datafield>
  <datafield tag="650" ind1=" " ind2="7">
    <subfield code="a">&#x17B;ydzi</subfield>
    <subfield code="2">DBN</subfield>
    <subfield code="9">35278</subfield>
  </datafield>
  <datafield tag="650" ind1=" " ind2="7">
    <subfield code="a">Zbrodnie przeciwko ludzko&#x15B;ci</subfield>
    <subfield code="x">procesy</subfield>
    <subfield code="z">Polska</subfield>
    <subfield code="z">Krak&#xF3;w</subfield>
    <subfield code="y">1945-1970.</subfield>
    <subfield code="2">kaba</subfield>
    <subfield code="9">40641</subfield>
  </datafield>
  <datafield tag="650" ind1=" " ind2="7">
    <subfield code="a">Ch&#x142;opi</subfield>
    <subfield code="z">Polska</subfield>
    <subfield code="z">Krak&#xF3;w (region)</subfield>
    <subfield code="x">postawy</subfield>
    <subfield code="y">1900-1945.</subfield>
    <subfield code="2">kaba</subfield>
    <subfield code="9">40642</subfield>
  </datafield>
  <datafield tag="650" ind1=" " ind2="7">
    <subfield code="a">Holocaust</subfield>
    <subfield code="z">Polska.</subfield>
    <subfield code="2">kaba</subfield>
    <subfield code="9">37430</subfield>
  </datafield>
  <datafield tag="651" ind1=" " ind2="7">
    <subfield code="a">Wojew&#xF3;dztwo krakowskie (1945-1975)</subfield>
    <subfield code="2">DBN</subfield>
    <subfield code="9">40643</subfield>
  </datafield>
  <datafield tag="655" ind1=" " ind2="7">
    <subfield code="a">Monografia</subfield>
    <subfield code="2">DBN</subfield>
    <subfield code="9">35240</subfield>
  </datafield>
  <datafield tag="658" ind1=" " ind2=" ">
    <subfield code="a">Historia</subfield>
  </datafield>
  <datafield tag="658" ind1=" " ind2=" ">
    <subfield code="a">Prawo i wymiar sprawiedliwo&#x15B;ci</subfield>
  </datafield>
  <datafield tag="710" ind1="2" ind2=" ">
    <subfield code="a">Instytut Pami&#x119;ci Narodowej - Komisja &#x15A;cigania Zbrodni przeciwko Narodowi Polskiemu.</subfield>
    <subfield code="b">Oddzia&#x142; (Krak&#xF3;w).</subfield>
    <subfield code="e">Instytucja sprawcza</subfield>
    <subfield code="e">Wydawca</subfield>
    <subfield code="4">pbl</subfield>
    <subfield code="9">13123</subfield>
  </datafield>
  <datafield tag="830" ind1=" " ind2="0">
    <subfield code="a">Dzieje &#x17B;yd&#xF3;w w Polsce oraz Relacje Polsko-&#x17B;ydowskie w Latach 1914-1989</subfield>
    <subfield code="9">40637</subfield>
  </datafield>
  <datafield tag="920" ind1=" " ind2=" ">
    <subfield code="a">978-83-8098-938-2 (oprawa twarda) : z&#x142; 40,00</subfield>
  </datafield>
  <datafield tag="942" ind1=" " ind2=" ">
    <subfield code="2">ddc</subfield>
    <subfield code="c">BK_NM</subfield>
  </datafield>
  <datafield tag="999" ind1=" " ind2=" ">
    <subfield code="c">27799</subfield>
    <subfield code="d">27799</subfield>
  </datafield>
  <datafield tag="952" ind1=" " ind2=" ">
    <subfield code="0">0</subfield>
    <subfield code="1">0</subfield>
    <subfield code="2">ddc</subfield>
    <subfield code="4">0</subfield>
    <subfield code="7">0</subfield>
    <subfield code="8">K_mag</subfield>
    <subfield code="a">BIP</subfield>
    <subfield code="b">BIP</subfield>
    <subfield code="d">2020-11-30</subfield>
    <subfield code="e">D-36/2020</subfield>
    <subfield code="f">D</subfield>
    <subfield code="g">40.00</subfield>
    <subfield code="i">59940</subfield>
    <subfield code="l">0</subfield>
    <subfield code="o">59940</subfield>
    <subfield code="p">IPWK24044</subfield>
    <subfield code="r">2026-04-27 11:59:52</subfield>
    <subfield code="w">2026-04-27</subfield>
    <subfield code="y">BK_NM</subfield>
  </datafield>
</record>
